LEADER 02454nam 2200553 450 001 9910798849203321 005 20230809174354.0 010 $a0-8032-9585-5 010 $a0-8032-9644-4 035 $a(CKB)3710000000948644 035 $a(MiAaPQ)EBC4746667 035 $a(OCoLC)964410865 035 $a(MdBmJHUP)muse53243 035 $a(DLC) 2016013989 035 $a(Au-PeEL)EBL4746667 035 $a(CaPaEBR)ebr11300741 035 $a(CaONFJC)MIL971880 035 $a(EXLCZ)993710000000948644 100 $a20160321h20172017 uy| 0 101 0 $aeng 135 $aurcnu|||||||| 181 $2rdacontent 182 $2rdamedia 183 $2rdacarrier 200 10$aUnpopular sovereignty $eMormons and the federal management of early Utah Territory /$fBrent M. Rogers 210 1$aLincoln ;$aLondon :$cUniversity of Nebraska Press,$d[2017] 210 4$dİ2017 215 $a1 online resource (401 pages) 311 $a0-8032-7677-X 311 $a0-8032-9646-0 320 $aIncludes bibliographical references and index. 327 $aImperium in imperio : sovereignty and the American territorial system -- Intimate contact : gender, plural marriage, and the U.S. Army in Utah Territory, 1854-1856 -- Missionaries to the Indians : Mormon and federal Indian policies -- Confronting the "twin relics of barbarism" : the Mormon question, the Buchanan administration, and the limits of popular sovereignty -- The Utah War and the westward march of federal sovereignty, 1857-1858 -- The U.S. Army and the symbolic conquering of Mormon sovereignty -- To 1862 : the codification of federal authority and the end of popular sovereignty in the western territories. 606 $aRepresentative government and representation$zUtah$xHistory$y19th century 606 $aReligion and politics$zUtah$xHistory$y19th century 606 $aLatter Day Saint churches$xHistory$y19th century 607 $aUtah$xHistory$y19th century 607 $aUnited States$xTerritories and possessions$xPolitics and government 615 0$aRepresentative government and representation$xHistory 615 0$aReligion and politics$xHistory 615 0$aLatter Day Saint churches$xHistory 676 $a979.2/02 700 $aRogers$b Brent M.$01527337 801 0$bMiAaPQ 801 1$bMiAaPQ 801 2$bMiAaPQ 906 $aBOOK 912 $a9910798849203321 996 $aUnpopular sovereignty$93770036 997 $aUNINA LEADER 00880nam0 22002411i 450 001 UON00006909 005 20231205101915.176 100 $a20020107d1964 |0itac50 ba 101 $aurd 102 $aPK 105 $a|||| 1|||| 200 1 $aMusulmanon ke Funun$fM. S. Dimand 210 $aLahavr$cPanjabi Adabi Academi$d1964 215 $a451 p., c. di tav.$d25 cm 606 $aARTE ISLAMICA$xINDIA$3UONC001957$2FI 686 $aSI IX A$cSUBCONT. INDIANO - ARTE - STORIA$2A 700 1$aDIMAND$bM. S.$3UONV005830$0638412 801 $aIT$bSOL$c20240220$gRICA 899 $aSIBA - SISTEMA BIBLIOTECARIO DI ATENEO$2UONSI 912 $aUON00006909 950 $aSIBA - SISTEMA BIBLIOTECARIO DI ATENEO$dSI SI IX A 086 $eSI IND567 7 086 996 $aMusulmanon ke Funun$91176695 997 $aUNIOR